000 00250nam a2200097Ia 4500
001 830124
005 20250826172311.0
008 250824s9999 xx 000 0 und d
245 0 _aTÜRK SİYASİ TARİHİ
_cFAHİR ARMAOĞLU
260 _bKRONİK YAYINLARI
999 _c830124
_d830124